LEADER 01300nam a2200289 u 4500 001 000000031769 003 CaOOAMICUS 005 20070226112158.0 008 971007s1969 it a u000 u ita u 035 $a10771886 040 $aPUL(R)$bita 245 00$aPietro e Paolo nel XIX centenario del martirio /$ca cura dei professori Primo Luigi Vannicelli e Bonaventura Mariani ; introduzione di mons. Salvatore Garofalo. 260 $aNapoli :$bM. D'Auria,$c1969. 300 $a363 p. :$bill. ;$c22 cm 490 1 $aHistoria salutis.$aSerie storica ;$v1 500 $aIndici : p. 351-363. 504 $aBibliografie a pié pagina. 700 1 $aVannicelli, Primo Luigi.$0(OLS)http://pul/name/20470 700 1 $aGarofalo, Salvatore,$csac.,$d1911-1998.$0(OLS)http://pul/name/902 700 1 $aMariani, Bonaventura,$cO.F.M.$0(OLS)http://pul/name/15551 830 0$aHistoria salutis.$pSerie storica ;$v1.$0(OLS)http://pul/title/43716 850 $aPUL 852 $aPUL$W1$xSL Religione 1$y3$m10 F 2$j43819$nBK-PRI$b $qStampati$B43819$CPULBib$Z2$F43819 $H $81 941 1 $a8 961 $aINV: 30461. 996 $6245$aPietro e Paolo nel XIX centenario del martirio$9(OLS)http://pul/title/43715 996 $6260$aNapoli :$bM. D'Auria$9(OLS)http://pul/publisher/47890 LEADER 01236nam a2200301 u 4500 001 000000080242 003 CaOOAMICUS 005 20070226123626.0 008 040706s1986 gw u000 u ger u 020 $a3791710079 035 $a11003165 040 $aPUL$bita 130 0 $aBiblia.$pN.T.$pMatthaeus.$lTedesco.$0(OLS)http://pul/title/158570 245 14$aDas Evangelium nach Matthäus /$cübersetzt und erklärt von Alexander Sand. 260 $aRegensburg :$bPustet,$cc1986. 300 $a678 p. ;$c23 cm 490 1 $aRegensburger Neues Testament 500 $aIndici in appendice. 504 $aBibliografia : p. [603]-635. 630 04$aBiblia.$pN.T.$pMatthaeus$xCommenti.$0(OLS)http://pul/subject/37786 700 1 $aSand, Alexander.$0(OLS)http://pul/name/25702 830 0$aRegensburger Neues Testament.$0(OLS)http://pul/title/18282 850 $aPUL 852 $aPUL$W1$xSL Religione 1$y3$m5 T 1$j102500$nBK-PRI$b $qStampati$B102500$CPULBib$Z2$F102500 $HPUL95637 $81 941 1 $a8 996 $6020$a3791710079$9(OLS)http://pul/number/105987 996 $6245$aDas Evangelium nach Matthäus$9(OLS)http://pul/title/42191 996 $6260$aRegensburg :$bPustet$9(OLS)http://pul/publisher/61617